[Event "Russian Championship B13 2016"]
[Site "Loo"]
[Date "2016.04.21"]
[Round "2.14"]
[White "Grachev, Alexey"]
[Black "Averyanov, Grigori"]
[Result "1-0"]
[WhiteElo "1990"]
[BlackElo "1716"]
[PlyCount "51"]
[EventDate "2016.04.20"]

1. e4 c5 2. Nf3 d6 3. d4 cxd4 4. Nxd4 Nf6 5. Nc3 a6 6. h3 e6 7. g4 b5 8. Bg2
Bb7 9. O-O b4 10. Nd5 Nc6 11. Nxc6 Bxc6 12. Re1 Bb7 13. Nxf6+ gxf6 14. Bf4 Be7
15. Qd2 a5 16. a3 b3 17. cxb3 e5 18. Bh6 Bf8 19. Bxf8 Rxf8 20. Rad1 Ke7 21. b4
a4 22. Re3 Qb6 23. Rd3 Rad8 24. Qe3 Qb5 25. Rc3 Rd7 26. Bf1 1-0

[Event "Russian Championship B13 2016"]
[Site "Loo"]
[Date "2016.04.21"]
[Round "2.15"]
[White "Don, Aleksandr"]
[Black "Kozubov, Mikhail"]
[Result "1-0"]
[WhiteElo "1933"]
[BlackElo "1687"]
[PlyCount "135"]
[EventDate "2016.04.20"]

1. d4 Nf6 2. c4 g6 3. Nc3 Bg7 4. e4 d6 5. Be2 Nbd7 6. g4 e5 7. g5 Ng8 8. d5 h5
9. h4 Ne7 10. Be3 a5 11. a3 b6 12. Nf3 O-O 13. Nd2 Rb8 14. Nf1 Re8 15. Ng3 Nf8
16. Qc2 c6 17. Qd2 cxd5 18. cxd5 Bd7 19. a4 Nh7 20. Rd1 Rf8 21. Rg1 Rc8 22. Ra1
Rb8 23. Ra3 Qe8 24. Qd1 Qd8 25. Rb3 Nc8 26. Ra3 Ne7 27. Rb3 Nc8 28. Ba6 Na7 29.
Be2 Nc8 30. Nf1 Qe8 31. Qa1 Qd8 32. Nd2 f5 33. gxf6 Qxf6 34. Nc4 Qd8 35. Nxa5
Qxh4 36. Nc4 g5 37. Kd2 g4 38. Rh1 Qf6 39. Rxh5 Qg6 40. Qh1 Nf6 41. Rh2 Be8 42.
Rh4 Bd7 43. Na3 Ra8 44. Nab5 Rb8 45. Rb4 Be8 46. Nc7 Bd7 47. a5 Rb7 48. axb6
Ne8 49. Ne6 Bxe6 50. dxe6 Nf6 51. e7 Nxe7 52. Bc4+ d5 53. exd5 Nf5 54. d6+ Rbf7
55. b7 Rb8 56. Bxf7+ Kxf7 57. Qc6 Kf8 58. Qc8+ Rxc8 59. bxc8=Q+ Ne8 60. d7 Nfd6
61. dxe8=Q+ Nxe8 62. Bc5+ Kg8 63. Rb8 Qg5+ 64. Be3 Qxh4 65. Qxe8+ Kh7 66. Qg8+
Kg6 67. Rb6+ Kf5 68. Qe6# 1-0

[Event "Russian Championship B13 2016"]
[Site "Loo"]
[Date "2016.04.21"]
[Round "2.16"]
[White "Polyanskiy, Vladislav"]
[Black "Evseev, Andrew"]
[Result "1/2-1/2"]
[WhiteElo "1873"]
[BlackElo "1682"]
[PlyCount "77"]
[EventDate "2016.04.20"]

1. d4 d5 2. Nf3 Nf6 3. c4 e6 4. e3 c6 5. Bd3 Bd6 6. O-O O-O 7. Ne5 Nbd7 8. f4
dxc4 9. Nxc4 Nb6 10. b3 Nxc4 11. bxc4 c5 12. Bb2 cxd4 13. exd4 b6 14. h3 Qc7
15. Qd2 Bb7 16. f5 e5 17. d5 Qe7 18. Nc3 e4 19. Rae1 e3 20. Qe2 Qe5 21. g4 Qg3+
22. Qg2 Qh4 23. Ne4 Nxe4 24. Bxe4 Rfe8 25. Bd4 Ba6 26. Bd3 Rac8 27. Bxe3 Bxc4
28. Bxc4 Rxc4 29. Bf2 Qd8 30. Rxe8+ Qxe8 31. Re1 Qd7 32. Qf3 h6 33. Qe2 Qc7 34.
Rd1 Rc3 35. Rd3 Rc2 36. Rd2 Rc3 37. Rd3 Rc2 38. Rd2 Rc3 39. Rd3 1/2-1/2

[Event "Russian Championship B13 2016"]
[Site "Loo"]
[Date "2016.04.21"]
[Round "2.17"]
[White "Makhlin, Miron"]
[Black "Tarasov, Danila"]
[Result "0-1"]
[WhiteElo "1788"]
[BlackElo "1868"]
[PlyCount "118"]
[EventDate "2016.04.20"]

1. d4 Nf6 2. Nf3 c5 3. d5 b5 4. Bg5 Ne4 5. Bf4 Bb7 6. Qd3 f5 7. Nbd2 c4 8. Qd4
Nf6 9. e4 Na6 10. c3 fxe4 11. Nxe4 Nxd5 12. Bg3 Nf6 13. Nxf6+ exf6 14. O-O-O
Be7 15. Qg4 g6 16. Nd4 Qb6 17. Kb1 Nc5 18. Nc2 Be4 19. Re1 f5 20. Qd1 Nd3 21.
Bxd3 cxd3 22. Nd4 d2+ 23. Rxe4 fxe4 24. Qxd2 d5 25. Nc2 O-O-O 26. Be5 Bf6 27.
Bd4 Bxd4 28. Qxd4 Qxd4 29. Nxd4 a6 30. Kc2 Rhf8 31. f3 exf3 32. gxf3 Rde8 33.
Kd2 Rf4 34. Rg1 Rh4 35. Rg2 Re5 36. f4 Rxf4 37. Ne2 Rh4 38. Ng3 d4 39. cxd4
Rxd4+ 40. Kc3 Rc4+ 41. Kd3 Rd5+ 42. Ke3 Rdc5 43. Kd3 Rd5+ 44. Ke3 Re5+ 45. Kd3
Rf4 46. Kd2 Rf3 47. Kc2 b4 48. b3 Rc3+ 49. Kb2 h5 50. a3 Ree3 51. axb4 Rxb3+
52. Kc2 Rec3+ 53. Kd1 Rb1+ 54. Kd2 Rb2+ 55. Kxc3 Rxg2 56. Nf1 Rf2 57. Nd2 Rxh2
58. Ne4 h4 59. Ng5 h3 0-1

[Event "Russian Championship B13 2016"]
[Site "Loo"]
[Date "2016.04.21"]
[Round "2.18"]
[White "Galichkin, Ilya"]
[Black "Gafarov, Damir"]
[Result "1/2-1/2"]
[WhiteElo "1866"]
[BlackElo "1597"]
[PlyCount "97"]
[EventDate "2016.04.20"]

1. d4 Nf6 2. c4 g6 3. Nc3 Bg7 4. e4 d6 5. Nf3 O-O 6. Be2 e5 7. dxe5 dxe5 8.
Qxd8 Rxd8 9. Bg5 Re8 10. Rd1 Be6 11. a3 Nbd7 12. b4 c6 13. O-O h6 14. Bc1 Nh5
15. g3 f5 16. Nh4 Ndf6 17. Nxg6 fxe4 18. Rfe1 Bf7 19. Nh4 Rad8 20. Nf5 Kh7 21.
Nd6 Re7 22. Nxf7 Rxd1 23. Rxd1 Rxf7 24. Bxh5 Nxh5 25. Nxe4 Nf6 26. Nxf6+ Bxf6
27. Be3 a6 28. Kf1 Kg6 29. Ke2 Bg7 30. Rd6+ Bf6 31. Bc1 h5 32. Bb2 Kf5 33. f3
Bg7 34. Bc3 Bf6 35. Rd3 Bg5 36. Bd2 Bf6 37. h4 Bg7 38. Rd8 Bf6 39. Rd6 Rg7 40.
Kf2 Rf7 41. Ke3 Rg7 42. Kf2 Rf7 43. Bc3 Bg7 44. Ke3 Re7 45. Kd3 Bf6 46. c5 Rg7
47. Be1 Rf7 48. Bf2 Rg7 49. Ke3 1/2-1/2

[Event "Russian Championship B13 2016"]
[Site "Loo"]
[Date "2016.04.21"]
[Round "2.20"]
[White "Tsyrendashiev, Bato"]
[Black "Poznyak, Nazar"]
[Result "1-0"]
[WhiteElo "1687"]
[BlackElo "1762"]
[PlyCount "73"]
[EventDate "2016.04.20"]

1. e4 c5 2. Nf3 e6 3. d4 cxd4 4. Nxd4 Nf6 5. Nc3 d6 6. f4 a6 7. Qf3 Nc6 8. Be3
Qc7 9. O-O-O Be7 10. g4 O-O 11. Rg1 Nxd4 12. Bxd4 b5 13. g5 Nd7 14. f5 Ne5 15.
Qg3 b4 16. Ne2 exf5 17. Nf4 fxe4 18. Nd5 Qb7 19. Bxe5 dxe5 20. Qxe5 Be6 21.
Qxe4 Bxd5 22. Rxd5 Rfe8 23. Qd3 Rad8 24. Rxd8 Rxd8 25. Qe3 Qc7 26. Rg2 Bc5 27.
Qe4 Bd4 28. Bd3 g6 29. Re2 a5 30. h4 a4 31. Qe7 Qf4+ 32. Kb1 Rb8 33. Re1 a3 34.
Rf1 Qe5 35. Qxf7+ Kh8 36. Bc4 Re8 37. Qf8+ 1-0

[Event "Russian Championship B13 2016"]
[Site "Loo"]
[Date "2016.04.21"]
[Round "2.21"]
[White "Pestryakov, Nikita"]
[Black "Kazmin, Semen"]
[Result "1/2-1/2"]
[WhiteElo "1659"]
[BlackElo "1942"]
[PlyCount "83"]
[EventDate "2016.04.20"]

1. e4 e5 2. Nf3 Nc6 3. Bc4 Bc5 4. c3 Nf6 5. d4 exd4 6. e5 d5 7. Bb5 Ne4 8. cxd4
Bb4+ 9. Bd2 Nxd2 10. Nbxd2 O-O 11. Bxc6 bxc6 12. O-O Bd7 13. Rc1 Ba5 14. Nb3
Bb6 15. Nc5 Bxc5 16. Rxc5 Qe7 17. Qc2 Rab8 18. Rc1 Rfe8 19. h3 h6 20. b3 Qe6
21. Rc3 Rb6 22. Ne1 Qe7 23. Nd3 Bf5 24. Qd2 Bxd3 25. Qxd3 Qd7 26. Qc2 Re6 27.
f4 Rg6 28. Kh2 h5 29. g3 f5 30. h4 Kh7 31. Rc5 Qc8 32. Re1 Kg8 33. Re3 Qe6 34.
a3 a6 35. b4 Rh6 36. Rec3 Rg6 37. Qe2 Rh6 38. Ra5 Qc8 39. Rac5 Qe6 40. Ra5 Qc8
41. Re3 Kf7 42. Rc3 1/2-1/2

[Event "Russian Championship B13 2016"]
[Site "Loo"]
[Date "2016.04.21"]
[Round "2.22"]
[White "Boyko, Aleksandr"]
[Black "Ter-Saakian, Grigorii"]
[Result "0-1"]
[WhiteElo "1635"]
[BlackElo "1921"]
[PlyCount "156"]
[EventDate "2016.04.20"]

1. Nf3 d5 2. g3 c6 3. d3 Bg4 4. Bg2 Nd7 5. O-O e6 6. Nbd2 Bd6 7. b3 Ne7 8. Bb2
O-O 9. c4 Qc7 10. cxd5 exd5 11. Rc1 a5 12. a3 Rae8 13. Nd4 Qb8 14. N2f3 Ne5 15.
Qd2 Nxf3+ 16. Nxf3 Bxf3 17. Bxf3 a4 18. b4 Be5 19. Bxe5 Qxe5 20. Qc2 Nf5 21. e3
d4 22. e4 Nd6 23. Qxa4 Nb5 24. Qb3 Qf6 25. Bd1 Nc3 26. f4 Qd6 27. Bf3 Ra8 28.
e5 Qd7 29. Ra1 Ra4 30. Bg2 Rfa8 31. f5 Qe8 32. e6 f6 33. e7+ Qf7 34. Qxf7+ Kxf7
35. Rfe1 Re8 36. Bf3 g6 37. fxg6+ hxg6 38. Bd1 Nxd1 39. Rexd1 Rxe7 40. Kf2 Re3
41. h4 f5 42. Rd2 Kf6 43. Kg2 Ke5 44. Kf2 Kd5 45. Kg2 b6 46. Kf2 c5 47. b5 c4
48. dxc4+ Kxc4 49. Rc1+ Rc3 50. Rcd1 d3 51. Ke3 Raxa3 52. Kf4 Rc2 53. Ke3 Rxd2
54. Rxd2 Kxb5 55. Rb2+ Kc5 56. Kd2 b5 57. Rb1 b4 58. Rc1+ Kd4 59. Rc8 Ra2+ 60.
Kd1 Ke3 61. Re8+ Kf3 62. Re6 Kxg3 63. Rxg6+ Kxh4 64. Rb6 Rb2 65. Rd6 d2 66.
Rd4+ Kg3 67. Rd8 f4 68. Rg8+ Kf3 69. Rb8 b3 70. Rb7 Ke4 71. Re7+ Kf5 72. Rf7+
Ke5 73. Rf8 Ra2 74. Re8+ Kd6 75. Rd8+ Ke7 76. Rb8 b2 77. Ke2 f3+ 78. Kd1 Ra1+
0-1

[Event "Russian Championship B13 2016"]
[Site "Loo"]
[Date "2016.04.21"]
[Round "2.23"]
[White "Butorov, Lev"]
[Black "Pshmahov, Osman"]
[Result "0-1"]
[WhiteElo "1571"]
[BlackElo "1878"]
[PlyCount "78"]
[EventDate "2016.04.20"]

1. e4 e6 2. d4 d5 3. e5 c5 4. c3 Nc6 5. Nf3 Bd7 6. a3 Qb6 7. b4 cxd4 8. cxd4
Nge7 9. Be3 Nf5 10. Nc3 Nxe3 11. fxe3 Nxb4 12. Rb1 Qa5 13. axb4 Bxb4 14. Nd2
Bxc3 15. Rxb7 Rc8 16. Rb1 Ba4 17. Qe2 a6 18. Qd3 O-O 19. Be2 Bb5 20. Qc2 Bxd4
21. Qb3 Bc3 22. Qc2 Bxe5 23. Qb3 Rc3 24. Qb4 Qxb4 25. Rxb4 Rxe3 26. Rxb5 axb5
27. Nf3 Bc3+ 28. Kf2 d4 29. Rc1 b4 30. Bc4 e5 31. Rc2 Rc8 32. Bb3 Ra8 33. Bc4
Ra3 34. Ng5 Be1+ 35. Kf1 Bh4 36. Bxf7+ Kf8 37. Rc8+ Ke7 38. Rc7+ Kd6 39. Rb7
Re1# 0-1

[Event "Russian Championship B13 2016"]
[Site "Loo"]
[Date "2016.04.21"]
[Round "2.24"]
[White "Kharitonov, Egor"]
[Black "Shaykhaliev, Dzhokhar"]
[Result "0-1"]
[WhiteElo "1782"]
[BlackElo "1710"]
[PlyCount "78"]
[EventDate "2016.04.20"]

1. d4 d5 2. c4 c6 3. Nf3 Nf6 4. Qc2 e6 5. Bg5 Nbd7 6. cxd5 exd5 7. Nc3 Be7 8.
e3 O-O 9. Bd3 Re8 10. O-O Nf8 11. h3 h6 12. Bxf6 Bxf6 13. b4 Ne6 14. a4 g6 15.
Rad1 Bg7 16. b5 Ng5 17. Nxg5 Qxg5 18. f4 Qe7 19. Rf3 f5 20. bxc6 bxc6 21. Ne2
Bd7 22. Nc1 Qb4 23. Nb3 Bf8 24. a5 Rab8 25. Rb1 c5 26. Nxc5 Qxb1+ 27. Qxb1
Rxb1+ 28. Bxb1 Bxc5 29. dxc5 Rc8 30. Rf2 Rxc5 31. Rc2 Rxa5 32. Ra2 Rxa2 33.
Bxa2 Bc6 34. Kf2 Kf7 35. g4 a5 36. gxf5 gxf5 37. Kg3 Ke6 38. Kf2 Bb5 39. Bb3 a4
0-1

[Event "Russian Championship B13 2016"]
[Site "Loo"]
[Date "2016.04.21"]
[Round "2.25"]
[White "Gaglazov, Mikhail"]
[Black "Sabirov, Timur"]
[Result "1-0"]
[WhiteElo "1562"]
[BlackElo "1781"]
[PlyCount "119"]
[EventDate "2016.04.20"]

1. e4 c5 2. Nf3 e6 3. c4 Qc7 4. Nc3 a6 5. d4 cxd4 6. Nxd4 Nf6 7. Be3 Bb4 8. f3
d5 9. Qa4+ Nc6 10. Nxc6 Bxc3+ 11. bxc3 Qxc6 12. Qxc6+ bxc6 13. e5 Nd7 14. cxd5
cxd5 15. Bd4 Rb8 16. Bd3 f6 17. f4 fxe5 18. fxe5 O-O 19. Rb1 Rxb1+ 20. Bxb1 Bb7
21. Rf1 Rb8 22. Bc2 Bc6 23. Bb3 a5 24. Rf2 a4 25. Bc2 Bb5 26. a3 Nb6 27. Bxb6
Rxb6 28. Kd2 Be8 29. Kc1 Rc6 30. Bxa4 Rxc3+ 31. Kb2 Rc8 32. Bxe8 Rxe8 33. a4
Rd8 34. Kc3 d4+ 35. Kd3 Rd5 36. Ra2 Rxe5 37. a5 Rb5 38. a6 Rb8 39. a7 Ra8 40.
Kxd4 Kf7 41. Kc5 e5 42. Kb6 Kf6 43. Kb7 Rxa7+ 44. Rxa7 e4 45. Ra5 e3 46. Ra3 e2
47. Re3 Kf5 48. Rxe2 g5 49. Kc6 g4 50. Kd5 Kf4 51. Re4+ Kf5 52. g3 Kg5 53. Ke5
h6 54. Rf4 Kh5 55. Rf5+ Kg6 56. Ke6 Kg7 57. Rf6 h5 58. Ke7 Kg8 59. Rg6+ Kh7 60.
Kf7 1-0

[Event "Russian Championship B13 2016"]
[Site "Loo"]
[Date "2016.04.21"]
[Round "2.26"]
[White "Belkov, Nikolay"]
[Black "Petrushin, Dmitriy"]
[Result "1-0"]
[WhiteElo "1779"]
[BlackElo "1699"]
[PlyCount "109"]
[EventDate "2016.04.20"]

1. d4 Nf6 2. c4 e6 3. Nc3 b6 4. Bg5 Be7 5. e4 Bb7 6. Bxf6 Bxf6 7. e5 Be7 8. Qg4
Bf8 9. Rd1 Nc6 10. a3 a5 11. f4 Ne7 12. Bd3 d6 13. Bc2 d5 14. Qf3 Bc6 15. cxd5
Nxd5 16. Be4 Bb7 17. f5 c6 18. fxe6 fxe6 19. Qh5+ Kd7 20. Bxd5 cxd5 21. Rc1 g6
22. Qh3 Rc8 23. Nge2 Qg5 24. O-O Be7 25. Nf4 Qf5 26. Nfxd5 Bxd5 27. Rxf5 gxf5
28. Re1 Bb7 29. d5 Rhg8 30. Qxh7 exd5 31. Qxf5+ Kc7 32. Qf7 Rce8 33. Nxd5+ Bxd5
34. Qxd5 Bc5+ 35. Kh1 Ref8 36. Qc4 Kb8 37. b4 axb4 38. axb4 Bd6 39. Qa6 Bxe5
40. Qxb6+ Kc8 41. Qa6+ Kd7 42. Qb5+ Kc8 43. g3 Rd8 44. Qxe5 Kb7 45. Qb5+ Kc7
46. Rc1+ Kd6 47. Qd3+ Ke7 48. Re1+ Kf6 49. Qf3+ Kg7 50. Re7+ Kh6 51. Re6+ Kg7
52. Qg4+ Kh7 53. Qh5+ Kg7 54. Qg5+ Kf7 55. Qf6# 1-0

[Event "Russian Championship B13 2016"]
[Site "Loo"]
[Date "2016.04.21"]
[Round "2.27"]
[White "Reva, Lev"]
[Black "Goren, Aleksandr"]
[Result "1/2-1/2"]
[WhiteElo "1495"]
[BlackElo "1777"]
[PlyCount "111"]
[EventDate "2016.04.20"]

1. d4 d5 2. c4 c6 3. Nc3 Nf6 4. Nf3 Bf5 5. e3 e6 6. cxd5 exd5 7. Bd3 Bxd3 8.
Qxd3 Bd6 9. O-O O-O 10. a3 a5 11. b3 Nbd7 12. Bb2 Qe7 13. Nd2 Rfe8 14. Rfe1 Ne4
15. Ncxe4 dxe4 16. Qc3 Nf6 17. Nc4 Nd5 18. Qc2 Bc7 19. Nd2 Rad8 20. Rac1 Qd6
21. g3 Nf6 22. Qc3 Ng4 23. Kg2 Qf6 24. Rf1 Qh6 25. Rh1 Nf6 26. Qc2 Qg6 27. Nb1
Qf5 28. Qe2 Qg4 29. Nc3 Qxe2 30. Nxe2 Nd5 31. Nc3 Bd6 32. Nxd5 cxd5 33. Rc3 Rc8
34. Rhc1 Rxc3 35. Rxc3 Kf8 36. a4 Ke7 37. Kf1 Kd7 38. Ke2 f5 39. h4 g6 40. Rc1
Bb4 41. Bc3 Rc8 42. Bb2 Rxc1 43. Bxc1 h6 44. Bd2 Bxd2 45. Kxd2 Kc6 46. Kc2 b5
47. Kc3 b4+ 48. Kd2 Kd6 49. Ke2 Ke6 50. Kf1 Kf6 51. Kg2 h5 52. Kh2 g5 53. Kh3
gxh4 54. gxh4 f4 55. exf4 Kg6 56. Kg2 1/2-1/2

[Event "Russian Championship B13 2016"]
[Site "Loo"]
[Date "2016.04.21"]
[Round "2.28"]
[White "Subatovich, Daniil"]
[Black "Erokhin, Artem"]
[Result "0-1"]
[WhiteElo "1763"]
[BlackElo "1655"]
[PlyCount "46"]
[EventDate "2016.04.20"]

1. e4 c5 2. c3 Nf6 3. e5 Nd5 4. d4 cxd4 5. Qxd4 e6 6. Nf3 Nc6 7. Qe4 Bc5 8. c4
Nde7 9. Nc3 Qb6 10. Qe2 Nf5 11. Bf4 Ncd4 12. Nxd4 Nxd4 13. Qd2 Qc6 14. Be3 Nf5
15. Bxc5 Qxc5 16. Qf4 Ne7 17. Bd3 Nc6 18. O-O Qxe5 19. Qh4 Qd4 20. Qg3 Qe5 21.
Qh4 Qf6 22. Qg3 Qe5 23. Qh4 h5 0-1

[Event "Russian Championship B13 2016"]
[Site "Loo"]
[Date "2016.04.21"]
[Round "2.29"]
[White "Gabitov, Bulat"]
[Black "Zheleznov, Daniil"]
[Result "1-0"]
[WhiteElo "1742"]
[BlackElo "1567"]
[PlyCount "87"]
[EventDate "2016.04.20"]

1. d4 Nf6 2. c4 c5 3. d5 e5 4. Nc3 d6 5. e4 Be7 6. g3 O-O 7. Bg2 Ne8 8. Nge2 g6
9. O-O Nd7 10. Bd2 Ng7 11. Nc1 f5 12. Nd3 a6 13. a4 Bf6 14. Rc1 Kh8 15. b3 Rg8
16. Kh1 Qe7 17. a5 Bg5 18. exf5 Bxd2 19. Qxd2 gxf5 20. Ne2 Nf6 21. b4 cxb4 22.
Qxb4 Bd7 23. Rfd1 Rab8 24. c5 dxc5 25. Rxc5 Bb5 26. Rxb5 Qe8 27. Rxb7 Rxb7 28.
Qxb7 h5 29. Qxa6 h4 30. Qxf6 Kh7 31. Qxh4+ Nh5 32. Bf3 Kh6 33. Qxh5+ Qxh5 34.
Bxh5 Kxh5 35. Nxe5 Re8 36. Nf4+ Kg5 37. Ne6+ Kf6 38. Nd7+ Ke7 39. d6+ Kxd7 40.
Nc5+ Kc6 41. d7 Rd8 42. Ne6 Rxd7 43. Rxd7 Kxd7 44. h4 1-0

[Event "Russian Championship B13 2016"]
[Site "Loo"]
[Date "2016.04.21"]
[Round "2.31"]
[White "Grankin, Alexey"]
[Black "Egorov, Georgiy"]
[Result "1-0"]
[WhiteElo "1734"]
[BlackElo "1557"]
[PlyCount "45"]
[EventDate "2016.04.20"]

1. e4 d5 2. exd5 Qxd5 3. Nc3 Qa5 4. d4 Nf6 5. Bc4 Bf5 6. Bd2 Qb6 7. Nf3 Bg4 8.
Bxf7+ Kxf7 9. Ne5+ Ke8 10. Nxg4 Nxg4 11. Qxg4 e6 12. O-O g6 13. Rae1 Be7 14.
Qxe6 Qxe6 15. Rxe6 Kd7 16. Rfe1 Bb4 17. a3 Ba5 18. Re7+ Kd8 19. Bg5 Kc8 20. d5
Rd8 21. Re8 Rxe8 22. Rxe8+ Kd7 23. Rd8# 1-0

[Event "Russian Championship B13 2016"]
[Site "Loo"]
[Date "2016.04.21"]
[Round "2.33"]
[White "Shadunts, Kirill"]
[Black "Donets, Nikolai"]
[Result "1-0"]
[WhiteElo "1715"]
[BlackElo "1295"]
[PlyCount "91"]
[EventDate "2016.04.20"]

1. d4 d5 2. c4 dxc4 3. e3 e6 4. Bxc4 Nc6 5. Nf3 Nf6 6. Nc3 Bd7 7. a3 a6 8. Bd2
Bd6 9. b4 e5 10. d5 Ne7 11. O-O O-O 12. h3 Ng6 13. Bc1 Qe7 14. Bb2 h6 15. Rc1
c6 16. Qd2 e4 17. Nh2 Qe5 18. f4 Qe7 19. Rfd1 b5 20. dxc6 bxc4 21. Qxd6 Qxd6
22. Rxd6 Be6 23. g4 Ne8 24. Rd4 f5 25. Na4 fxg4 26. hxg4 Nh4 27. Nc5 Bc8 28.
Rxe4 Nf6 29. Re7 Ng6 30. Bxf6 Rxf6 31. Re8+ Kf7 32. Re4 Rxc6 33. Rcxc4 Nf8 34.
Nf3 Ne6 35. Ne5+ Kg8 36. Nxc6 Nxc5 37. Rxc5 Bxg4 38. Rd4 Bf3 39. Ne5 Bh5 40.
Rc7 Rf8 41. Rdd7 Bf7 42. Nxf7 Rxf7 43. Rxf7 Kh8 44. Rxg7 a5 45. Rgd7 axb4 46.
Rc8# 1-0

[Event "Russian Championship B19 2016"]
[Site "Loo"]
[Date "2016.04.21"]
[Round "2.1"]
[White "Mikheev, Aleksey"]
[Black "Vavulin, Maksim"]
[Result "0-1"]
[WhiteElo "2268"]
[BlackElo "2474"]
[PlyCount "100"]
[EventDate "2016.04.20"]

1. e4 g6 2. d4 Bg7 3. Nc3 a6 4. Be3 b5 5. f4 Bb7 6. Bd3 d6 7. Nf3 Nd7 8. O-O b4
9. Ne2 Ngf6 10. e5 Nd5 11. Bd2 c5 12. Ng5 Qb6 13. e6 fxe6 14. Nxe6 Bf6 15. f5
Nf8 16. Nxf8 Rxf8 17. c4 bxc3 18. bxc3 cxd4 19. Rb1 Qc6 20. Rxb7 Qxb7 21. cxd4
gxf5 22. Bxf5 Qb5 23. Bh6 Bg7 24. a4 Qb7 25. Qd2 Bxh6 26. Qxh6 Nf6 27. Nf4 Qc6
28. Bxh7 Nxh7 29. Qxh7 Qxa4 30. Qg6+ Kd7 31. Qg4+ Ke8 32. Qg6+ Kd7 33. Qe6+ Ke8
34. Qe4 Rc8 35. Re1 Rf7 36. Nd5 Qc2 37. Qe3 Qh7 38. Qe6 Rc6 39. Nb4 Rc3 40.
Qxd6 Qf5 41. Qb8+ Kd7 42. Qb7+ Rc7 43. Qd5+ Qxd5 44. Nxd5 Rc6 45. Nb4 Rd6 46.
Nd3 Ke8 47. Re4 a5 48. Nc5 Rf5 49. Rh4 e5 50. dxe5 Rd1# 0-1

[Event "Russian Championship B19 2016"]
[Site "Loo"]
[Date "2016.04.21"]
[Round "2.2"]
[White "Kozionov, Kirill"]
[Black "Timerkhanov, Alexander"]
[Result "1/2-1/2"]
[WhiteElo "2423"]
[BlackElo "2260"]
[PlyCount "96"]
[EventDate "2016.04.20"]

1. e4 c5 2. Nf3 d6 3. d4 cxd4 4. Nxd4 Nf6 5. Nc3 a6 6. Be3 e5 7. Nf3 Be7 8. Bc4
Qc7 9. Bb3 O-O 10. O-O Be6 11. Qe2 Rc8 12. Rfd1 Nbd7 13. Bg5 b5 14. Ne1 Bg4 15.
f3 Be6 16. Kh1 Rab8 17. Bxf6 Nxf6 18. Nd5 Nxd5 19. Bxd5 a5 20. a3 Qb6 21. Rd3
Rc5 22. Rad1 Rbc8 23. c3 Bxd5 24. Rxd5 Rxd5 25. Rxd5 Rc5 26. Rd1 Qc6 27. Qe3 g6
28. Nd3 Rc4 29. Qa7 Qc7 30. Qa8+ Kg7 31. Nc1 Qc6 32. Qa7 Qc7 33. Qe3 h6 34. Qd3
b4 35. axb4 axb4 36. Na2 bxc3 37. Nxc3 Rd4 38. Qe2 Qa5 39. g3 Bf6 40. Kg2 Qb4
41. Nd5 Qb3 42. Rd2 Bg5 43. Rc2 h5 44. h4 Bh6 45. Kh3 Rd3 46. Rc3 Rxc3 47. bxc3
Qb1 48. Kg2 Qc1 1/2-1/2

[Event "Russian Championship B19 2016"]
[Site "Loo"]
[Date "2016.04.21"]
[Round "2.3"]
[White "Zhileykin, Andrey"]
[Black "Anikonov, Dmitry"]
[Result "1/2-1/2"]
[WhiteElo "2254"]
[BlackElo "2387"]
[PlyCount "65"]
[EventDate "2016.04.20"]

1. e4 d6 2. d4 Nf6 3. Nc3 e5 4. Nf3 Nbd7 5. Bc4 Be7 6. a4 O-O 7. O-O c6 8. h3
h6 9. Re1 Re8 10. Ba2 Bf8 11. dxe5 dxe5 12. Nh4 Nc5 13. Qxd8 Rxd8 14. Ng6 Bd6
15. f4 Be6 16. fxe5 Bxa2 17. exd6 fxg6 18. e5 Bf7 19. exf6 gxf6 20. b4 Nd7 21.
Re7 g5 22. Bb2 Bg6 23. Ne4 Bxe4 24. Rxe4 Rf8 25. c4 c5 26. Re7 Rf7 27. Rae1
Raf8 28. bxc5 Rxe7 29. Rxe7 Rf7 30. Re8+ Rf8 31. Re7 Rf7 32. Re8+ Rf8 33. Re7
1/2-1/2

[Event "Russian Championship B19 2016"]
[Site "Loo"]
[Date "2016.04.21"]
[Round "2.4"]
[White "Drygalov, Sergey"]
[Black "Aleksandrovskiy, Dmitriy"]
[Result "1/2-1/2"]
[WhiteElo "2372"]
[BlackElo "2252"]
[PlyCount "87"]
[EventDate "2016.04.20"]

1. d4 d5 2. Nf3 Nf6 3. c4 dxc4 4. e3 e6 5. Bxc4 c5 6. Nc3 Nc6 7. O-O a6 8. a4
cxd4 9. exd4 Nb4 10. Bg5 Be7 11. Re1 O-O 12. Ne5 h6 13. Bh4 Nc6 14. Nxc6 bxc6
15. Bg3 a5 16. Ne4 Ba6 17. Rc1 Bxc4 18. Rxc4 Nxe4 19. Rxe4 c5 20. Qc2 Rc8 21.
dxc5 Rxc5 22. Rxc5 Bxc5 23. h3 Bb4 24. Be5 Qd5 25. Qe2 Rd8 26. Rg4 Qd1+ 27.
Qxd1 Rxd1+ 28. Kh2 Bf8 29. Bc3 Rd5 30. g3 e5 31. Rc4 Bc5 32. Be1 f6 33. Kg2 Bd4
34. b3 Bb6 35. Rc6 Bd8 36. Ra6 Kf7 37. g4 Kg6 38. Ra7 e4 39. Rb7 h5 40. b4 hxg4
41. hxg4 Rd1 42. Bc3 Rd3 43. Be1 Rd1 44. Bc3 1/2-1/2

[Event "Russian Championship B19 2016"]
[Site "Loo"]
[Date "2016.04.21"]
[Round "2.5"]
[White "Yeletsky, Ivan"]
[Black "Shapiro, David"]
[Result "1-0"]
[WhiteElo "2344"]
[BlackElo "2230"]
[PlyCount "69"]
[EventDate "2016.04.20"]

1. e4 c6 2. d4 d5 3. f3 e6 4. Nc3 Bb4 5. Bd2 Nf6 6. e5 Nfd7 7. f4 Be7 8. Nf3 c5
9. Be3 Nc6 10. Qd2 a6 11. dxc5 Nxc5 12. O-O-O b5 13. Qf2 Nd7 14. Kb1 Bb7 15.
Bd3 Rc8 16. Ne2 Nb4 17. f5 Nxd3 18. cxd3 Nc5 19. Qg3 g6 20. Bxc5 Bxc5 21. fxe6
fxe6 22. Nf4 Qb6 23. Ng5 Rc6 24. Qh3 Bd4 25. Rc1 Rxc1+ 26. Rxc1 Bxe5 27. Re1
Bc8 28. Rxe5 Qg1+ 29. Kc2 Qc5+ 30. Kd1 Qd4 31. Qe3 Qxb2 32. Rxe6+ Bxe6 33.
Qxe6+ Kd8 34. Nf7+ Kc7 35. Nxd5+ 1-0

[Event "Russian Championship B19 2016"]
[Site "Loo"]
[Date "2016.04.21"]
[Round "2.6"]
[White "Kuzmin, Egor"]
[Black "Zakaryan, David"]
[Result "1/2-1/2"]
[WhiteElo "2242"]
[BlackElo "2342"]
[PlyCount "139"]
[EventDate "2016.04.20"]

1. Nf3 Nf6 2. c4 g6 3. Nc3 d5 4. cxd5 Nxd5 5. g3 Bg7 6. Bg2 O-O 7. O-O Nc6 8.
Nxd5 Qxd5 9. d3 a5 10. Bf4 Bxb2 11. Ne5 Qe6 12. Nxc6 Bxa1 13. Qxa1 bxc6 14. Bh6
f6 15. Bxf8 Kxf8 16. Qd4 Bd7 17. a3 Be8 18. Bf3 Qd6 19. Qc3 Ra6 20. Rc1 a4 21.
e3 Rb6 22. Bd1 c5 23. Kg2 Bb5 24. Qxc5 Qxd3 25. Bf3 Qd6 26. Qxc7 Qxc7 27. Rxc7
Be8 28. Rc8 Kf7 29. Bd5+ e6 30. Rc7+ Kf8 31. Bc4 h5 32. h4 Rd6 33. Kf3 Bd7 34.
Ke2 Ke8 35. Rb7 Kd8 36. Bd3 f5 37. Bb5 Bc8 38. Ra7 Rb6 39. Bxa4 Rb2+ 40. Ke1
Bb7 41. Bd1 Kc8 42. Ra4 Bd5 43. Rb4 Ra2 44. Bb3 Bxb3 45. Rxb3 Kc7 46. Kf1 e5
47. f3 Kc6 48. Rb8 Rxa3 49. Rg8 Rxe3 50. Rxg6+ Kd5 51. Kf2 f4 52. Rg5 Kd4 53.
gxf4 exf4 54. Rf5 Ra3 55. Rxf4+ Ke5 56. Rf8 Ra7 57. Rb8 Kf5 58. Rf8+ Ke5 59.
Re8+ Kf5 60. Re4 Ra8 61. Rb4 Ra7 62. Kg3 Rg7+ 63. Kh3 Rh7 64. Rb8 Kf4 65. Kg2
Rg7+ 66. Kf2 Ra7 67. Rb4+ Kf5 68. Rd4 Ra8 69. Ke3 Ra3+ 70. Kf2 1/2-1/2

[Event "Russian Championship B19 2016"]
[Site "Loo"]
[Date "2016.04.21"]
[Round "2.7"]
[White "Kovalev, Egor"]
[Black "Murtazin, Bulat"]
[Result "1-0"]
[WhiteElo "2207"]
[BlackElo "2319"]
[PlyCount "95"]
[EventDate "2016.04.20"]

1. Nf3 Nf6 2. g3 d5 3. Bg2 c6 4. d4 Bf5 5. c4 e6 6. Nc3 Bd6 7. O-O h6 8. Nd2
O-O 9. e4 dxe4 10. Ndxe4 Be7 11. Bf4 Nbd7 12. Nd6 Bxd6 13. Bxd6 Re8 14. Qb3 Nb6
15. Bc5 Bd3 16. Rfd1 Bxc4 17. Bxb6 Bxb3 18. Bxd8 Bxd1 19. Bxf6 Bh5 20. Be5 Rad8
21. Ne4 Re7 22. h3 Bg6 23. Re1 Bxe4 24. Rxe4 Red7 25. Rg4 f5 26. Rg6 Re7 27. h4
Kh7 28. h5 a5 29. a4 Rc8 30. Bd6 Ree8 31. Bf1 b6 32. Bc4 c5 33. Bxe6 Rcd8 34.
dxc5 bxc5 35. Bxf5 Kh8 36. Bf4 Rd5 37. Bg4 Rd4 38. Rc6 Rxa4 39. Rxc5 Rb4 40.
Rxa5 Rxb2 41. Ra7 Rb1+ 42. Kg2 Rbe1 43. Be3 Rd8 44. Bb6 Rd5 45. Bf3 Rde5 46.
Bd4 Re7 47. Rxe7 Rxe7 48. Bb2 1-0